000 01304cam a22004217 4500
001 1708379
003 LIBRIS
005 20210417110008.0
008 011211s1993 xxu 000 0 eng c
020 _a0394581547
040 _aUh
_cDLC
041 1 _aeng
_hita
080 _a821.111
_bC-16
082 0 4 _a853.914
_223/swe
084 _aCmga
_2kssb/6
084 _aCmga
_2kssb/6
084 _aCmga
_2kssb/6
100 1 _aCalasso, Roberto,
_d1941-
_0297649
245 0 4 _aThe marriage of Cadmus and Harmony /
_cRoberto Calasso ; translated from the Italian by Tim Parks
250 _a1. American ed.
260 _aNew York :
_bKnopf,
_c1993
300 _a403 s.
365 _b25 usd
650 _2Italian Literature
650 _2Novel
653 _aიტალიური ლიტერატურა
653 _aპროზა
700 1 _aParks, Tim,
_d1954-
_4trl
_0322237
900 1 s _6700
_d1954-
_uParks, Tim,
_d1954-
942 _2udc
_cBK
_e1
999 _c186
_d186